000 00541nam a2200157 4500
999 _c16325
_d16325
008 211122b ||||| |||| 00| 0 eng d
022 _a0732-8435
082 _aDPer 657.05 C33 Apr - Sept 2016, v86 n4-9
100 _aAnders, Susan B.
_942727
245 _aFree CPA exam resources/
_cSusan B. Anders.
260 _aNew York:
_bThe New York State Society of CPA,
_c©2016.
300 _av86 n8, pages 64-65:
_billustrations;
_c28 cm.
500 _aThe CPA Journal
650 _aAccountants
_xExamination
_xResources.
_943725
942 _2ddc
_cPER